Termodinàmica
Descripción Física:
92 p. ; 23 cm
Colección:
Text núm. 28
Otros Autores:
Catalunya. Extensió d'Ensenyament Tècnic
Materias:
Termodinàmica
MARC
| LEADER | 00000nam a2200000Ia 4500 | ||
|---|---|---|---|
| 001 | 7709 | ||
| 008 | 160829s9999 xx 000 0 cat d | ||
| 080 | |a C-1-471 | ||
| 245 | |a Termodinàmica | ||
| 260 | |a Barcelona : |b Generalitat de Catalunya, Extensió d' Ensenyament Tècnic, [s.a.] | ||
| 300 | |a 92 p. ; |c 23 cm | ||
| 490 | |a Text núm. 28 | ||
| 650 | |a Termodinàmica |9 20002 | ||
| 700 | |a Catalunya. Extensió d'Ensenyament Tècnic |9 20004 | ||
| 710 | 1 | |a Catalunya. |b Generalitat |9 12125 | |
| 901 | |a Arxiu | ||
| 942 | |n 1 | ||
| 952 | |0 0 |1 0 |4 0 |6 C1471 |7 1 |9 41399 |a Arxiu |b Arxiu |d 2016-12-01 |l 0 |o C-1-471 |p 7709 |r 2016-12-01 00:00:00 |w 2016-12-01 |y ARXIU | ||
| 999 | |c 43206 |d 43206 | ||